Η παιδαγωγική του Αλέξανδρου Π. Δελμούζου : συστηματική εξέταση του έργου και της δράσης του
Αποθηκεύτηκε σε:
| Κύριος συγγραφέας: | |
|---|---|
| Μορφή: | Βιβλίο |
| Γλώσσα: | Greek |
| Δημοσίευση: |
Θεσσαλονίκη :
Κυριακίδης,
1986.
|
| Σειρά: | Παιδαγωγική και εκπαίδευση ;
v.9 |
| Θέματα: | |
| Ετικέτες: |
Προσθήκη ετικέτας
Δεν υπάρχουν, Καταχωρήστε ετικέτα πρώτοι!
|
MARC
| LEADER | 00000cam a2200000 i 4500 | ||
|---|---|---|---|
| 001 | 1/21267 | ||
| 008 | 960711s1986 gr | ||| |||| ||gre|| | ||
| 020 | |a 960343437X | ||
| 035 | |a 1986 |c Αγορά |l 10036256 | ||
| 035 | |a 1988 |c Αγορά | ||
| 040 | |a GR-MY-UA |b gre |e aacr | ||
| 041 | 0 | |a gre | |
| 082 | 7 | |a 370.924 |2 (22) | |
| 100 | 1 | |a Τερζής, Νίκος Π., |d 1941- | |
| 245 | 1 | 2 | |a Η παιδαγωγική του Αλέξανδρου Π. Δελμούζου : |b συστηματική εξέταση του έργου και της δράσης του / |c Νίκος Π. Τερζής. |
| 260 | |a Θεσσαλονίκη : |b Κυριακίδης, |c 1986. | ||
| 300 | |a 198 σ. ; |c 21 εκ. | ||
| 490 | 1 | |a (Παιδαγωγική και εκπαίδευση ; |v vol.9) | |
| 504 | |a Βιβλιογραφία : σ. [187]-194. Ευρετήριο. | ||
| 600 | 1 | 0 | |a Δελμούζος, Αλέξανδρος Π., |d 1880-1956. |
| 650 | 0 | 0 | |a Educators |z Greece |x Biography. |
| 650 | 0 | 0 | |a Education |z Greece. |
| 830 | 0 | |a Παιδαγωγική και εκπαίδευση ; |v v.9 | |
| 852 | |a INST |b RHODES |e 19960711 |h 370.924 ΤΕΡ |p 005400002732 |q 005400002732 |t BK |y 0 | ||
| 852 | |a INST |b RHODES |e 19960711 |h 370.924 ΤΕΡ |p 005400002769 |q 005400002769 |t BK |y 0 | ||
| 852 | |a INST |b RHODES |e 20030603 |h 370.924 ΤΕΡ |p 005400020350 |q 005400020350 |t BK |y 0 | ||
| 909 | |a Ρ |b 003233 | ||
| 909 | |a Ρ |b 009175 | ||
| 909 | |a Ρ |b 101914 | ||
| 970 | |a ΚΟΥΛΑΚΙΟΤΗ |b ΛΙΤΣΑ |z 2003/06/03 | ||